Yüklüyor......
Port transport statistics[1970-71] /
| Müşterek Yazar: | |
|---|---|
| Materyal Türü: | Printed Book |
| Dil: | English |
| Baskı/Yayın Bilgisi: |
New Delhi :
Ministry of Shipping and Transport,
1971.
|
| LEADER | 00497nam a2200109Ia 4500 | ||
|---|---|---|---|
| 008 | 150624b xxu||||| |||| 00| 0 eng d | ||
| 110 | |a Govt. of India, Ministry of Shipping and Transport New Delhi India | ||
| 245 | |a Port transport statistics[1970-71] / |c Govt. of India, Ministry of Shipping and Transport New Delhi India | ||
| 260 | |a New Delhi : |b Ministry of Shipping and Transport, |c 1971. | ||
| 942 | |c BK | ||
| 999 | |c 8132 |d 8132 | ||
| 952 | |0 1 |1 0 |4 1 |7 0 |9 8131 |a UL |b UL |c ST1 |d 1998-09-01 |l 0 |p 12870 |r 2012-10-27 |w 2012-10-27 |y BK | ||